[Event "IECC CL6-2003.18 email"]
[Site "IECC email"]
[Date "2003.08.08"]
[Round "?"]
[White "Kota, Suman"]
[Black "Murphy, Gavin"]
[Result "1-0"]
[WhiteElo "1406"]
[BlackElo "1300"]
[PlyCount "65"]
[EventDate "2003.??.??"]
[EventType "tourn (corr)"]
[EventRounds "4"]
[SourceTitle "Corr 2008"]
[Source "ChessBase"]
[SourceDate "2008.06.24"]
[SourceVersion "1"]
[SourceVersionDate "2008.06.24"]
[SourceQuality "1"]

1. e4 e5 2. Nf3 Nc6 3. d4 d5 4. dxe5 dxe4 5. Qxd8+ Nxd8 6. Ng5 Bf5 7. Nc3 Bb4 8. Bd2 Nc6 9. Bb5 Nh6 10. 0-0-0 Ng4 11. Ngxe4 Bxc3 12. Bxc6+ bxc6 13. Nxc3 Nxf2 14. Rdf1 Nxh1 15. Rxf5 0-0 16. Rf1 Rae8 17. Bf4 f6 18. Rxh1 fxe5 19. Be3 a5 20. Ne4 a4 21. Nc5 Ra8 22. Rd1 a3 23. b3 Rf5 24. Ne6 Rc8 25. Bc5 Rf6 26. Nd8 Ra8 27. Rd7 Rf1+ 28. Kd2 Ra1 29. Ne6 Rxa2 30. Rxg7+ Kh8 31. Rxc7 Rb8 32. Bd6 Rb5 33. Rc8# 1-0

[Event "IECC CL6-2003.18 email"]
[Site "IECC email"]
[Date "2003.08.08"]
[Round "?"]
[White "Popp, Tony"]
[Black "Murphy, Gavin"]
[Result "1-0"]
[WhiteElo "1307"]
[BlackElo "1270"]
[PlyCount "115"]
[EventDate "2003.??.??"]
[EventType "tourn (corr)"]
[EventRounds "4"]
[SourceTitle "Corr 2008"]
[Source "ChessBase"]
[SourceDate "2008.06.24"]
[SourceVersion "1"]
[SourceVersionDate "2008.06.24"]
[SourceQuality "1"]

1. a3 d5 2. d4 e6 3. b4 b5 4. Nf3 Bd6 5. e3 a6 6. Bb2 g5 7. Be2 Nc6 8. Nbd2 f6 9. 0-0 g4 10. Ne1 h5 11. e4 Nge7 12. f3 e5 13. c3 exd4 14. cxd4 f5 15. e5 Bxe5 16. dxe5 d4 17. Nb3 Nd5 18. Bxd4 Nxd4 19. Qxd4 f4 20. Rd1 c6 21. e6 0-0 22. Nc5 Qf6 23. Qxf6 Rxf6 24. Nc2 Bxe6 25. Nxe6 Rxe6 26. Bd3 Nc3 27. Rfe1 Rae8 28. Rxe6 Rxe6 29. Re1 Rd6 30. Bf5 g3 31. hxg3 fxg3 32. Kf1 h4 33. Re3 Nd5 34. Rd3 Rf6 35. Be4 Nf4 36. Rd8+ Kf7 37. Ne3 h3 38. gxh3 Rh6 39. Bf5 Ke7 40. Rd4 Nxh3 41. Bxh3 Rxh3 42. Kg2 Rh2+ 43. Kxg3 Ra2 44. Rd3 Ke6 45. Kf4 Rc2 46. Nxc2 Kf6 47. Rd6+ Ke7 48. Rxc6 Kd7 49. Rxa6 Kc7 50. Re6 Kd8 51. Ke5 Kd7 52. f4 Kc7 53. f5 Kd7 54. f6 Kc7 55. f7 Kd7 56. f8Q Kc7 57. Qf7+ Kb8 58. Re8# 1-0